| 000 | 00758nam a2200217 a 4500 | ||
|---|---|---|---|
| 005 | 20241030063736.0 | ||
| 008 | 181120s2017 mx r 000 0 spa d | ||
| 020 | _a9786074849332 | ||
| 035 | _aUPN01000227937 | ||
| 049 | _aCG | ||
| 050 | 4 |
_aGN345 _bM6.3 |
|
| 100 | 1 |
_aMoszowski Van Loon, Aäron _942355 |
|
| 245 | 1 | 3 |
_aEl diablo y Michael Taussig : _bla arquitectura filosófica de la antropología contemporánea / _cAäron Moszowski Van Loon. |
| 260 |
_aMéxico : _bSecretaría de Cultura : _bINAH, _c2017. |
||
| 300 | _a307 p. | ||
| 440 | 0 |
_aEtnología y antropología social _pLogos |
|
| 650 | 4 |
_aAntropología _xFilosofía _9992 |
|
| 600 | 1 | 4 |
_aTAUSSIG, MICHAEL THOMAS, _d1940- - _xCRITICA E INTERPRETACION _927232 |
| 905 | _aLibro | ||
| 999 |
_c200032 _d200032 |
||